000 01173nac a22003977a 4500
001 BR6010527
003 BR-BrBNA
005 20240105113233.0
008 230509b bl.|||m| |||| 00| 0 por d
040 _aBR-BrBNA
_bpor
_cBiblioteca Nacional de Agricultura
072 _aP10; P12
090 _aP10 BR6010527
110 1 _aDepartamento Nacional de Obras Contra as Secas, Fortaleza, CE (Brasil)
245 1 _aRelatorio anual de 1966 [Departamento Nacional de Obras Contra as Secas, acude, recurso da agua, Brasil]
260 3 _a[np](Brasil):
_c[nd].
300 _a169 p.
490 _aRelatorio - Departamento Nacional de Obras Contra as Secas (Brazil)
_v
_x
500 _aPublished 1967?
650 _aACUDE
650 _aBARRAGEM
650 _aIRRIGACAO
650 _aPOCO
650 _aELETRIFICACAO RURAL
650 _aPISCICULTURA
650 _aESTRADA DE RODAGEM
650 _aESTATISTICA
650 _aALAGOAS
650 _aCEARA
650 _aPARAIBA
650 _aPERNAMBUCO
650 _aRIO GRANDE DO NORTE
650 _aSERGIPE
650 _aBAHIA
909 _a202312
_bLúcia Elande
_c55
_dLúcia Elande
942 _2AGRIS
_n0
_cMS
999 _c262624
_d262624